[Event "SVK-ch U18/20 Girls"]
[Site "Tatralandia"]
[Date "2024.04.09"]
[Round "6"]
[White "Dudonova, Veronika"]
[Black "Fajtakova, Silvia"]
[Result "0-1"]
[WhiteElo "1656"]
[BlackElo "1746"]
[PlyCount "88"]
[EventDate "2024.04.05"]
[EventType "swiss"]
[EventRounds "9"]
[EventCountry "SVK"]
[SourceTitle "CB16_2024"]
[SourceDate "2024.04.17"]
[SourceVersion "1"]
[SourceVersionDate "2024.04.17"]
[SourceQuality "1"]

1. e4 e5 2. Nf3 Nc6 3. Bc4 Bc5 4. c3 Nf6 5. d4 exd4 6. cxd4 Bb4+ 7. Bd2 Bxd2+ 8. Nbxd2 d5 9. exd5 Nxd5 10. Bxd5 Qxd5 11. Nb3 0-0 12. 0-0 Bg4 13. h3 Bxf3 14. Qxf3 Qxf3 15. gxf3 Rad8 16. Rad1 Rd5 17. Rd2 Rfd8 18. Rfd1 Na5 19. Nxa5 Rxa5 20. a3 Rad5 21. b4 b6 22. Rc1 c5 23. bxc5 bxc5 24. Rc4 cxd4 25. Kf1 d3 26. f4 f6 27. f3 Kf7 28. Kf2 Kg6 29. Ke3 Kf5 30. Ra4 R8d7 31. Rc4 a5 32. a4 Kg6 33. Rg2+ Kh6 34. Rd2 f5 35. Rc6+ g6 36. h4 Kh5 37. Rc4 h6 38. Rc3 Rd4 39. Ra3 R7d6 40. Ra1 Rd7 41. Ra3 R7d6 42. Ra1 Rb4 43. Rg2 Re6+ 44. Kxd3 Rxf4 0-1

[Event "SVK-ch U18/20 Girls"]
[Site "Tatralandia"]
[Date "2024.04.07"]
[Round "4"]
[White "Dudonova, Veronika"]
[Black "Rachelova, Diana"]
[Result "1/2-1/2"]
[WhiteElo "1656"]
[BlackElo "1499"]
[PlyCount "23"]
[EventDate "2024.04.05"]
[EventType "swiss"]
[EventRounds "9"]
[EventCountry "SVK"]
[SourceTitle "CB16_2024"]
[SourceDate "2024.04.17"]
[SourceVersion "1"]
[SourceVersionDate "2024.04.17"]
[SourceQuality "1"]

1. e4 e5 2. Nf3 Nc6 3. Bc4 Bc5 4. c3 d6 5. d4 exd4 6. cxd4 Bb6 7. Be3 Bg4 8. 0-0 Nf6 9. Nc3 0-0 10. Be2 Re8 11. e5 dxe5 12. dxe5 1/2-1/2

[Event "SVK-ch U18/20 Girls"]
[Site "Tatralandia"]
[Date "2024.04.07"]
[Round "3"]
[White "Kapicakova, Lucia"]
[Black "Dudonova, Veronika"]
[Result "1-0"]
[WhiteElo "1810"]
[BlackElo "1656"]
[PlyCount "103"]
[EventDate "2024.04.05"]
[EventType "swiss"]
[EventRounds "9"]
[EventCountry "SVK"]
[SourceTitle "CB16_2024"]
[SourceDate "2024.04.17"]
[SourceVersion "1"]
[SourceVersionDate "2024.04.17"]
[SourceQuality "1"]

1. e4 e6 2. d3 d5 3. Nd2 c5 4. Ngf3 Nc6 5. g3 Nf6 6. Bg2 Be7 7. 0-0 0-0 8. e5 Nd7 9. Re1 b5 10. Nf1 Bb7 11. Bf4 Qc7 12. h4 Rfc8 13. h5 h6 14. N1h2 Qd8 15. Qd2 a5 16. Kh1 a4 17. Rg1 b4 18. g4 Ra7 19. Rae1 c4 20. d4 c3 21. bxc3 bxc3 22. Qc1 a3 23. Bh3 Bg5 24. Nxg5 hxg5 25. Bxg5 Qf8 26. Be3 Ncxe5 27. dxe5 d4+ 28. Bg2 dxe3 29. Qxe3 Bxg2+ 30. Kxg2 Rb7 31. Qd3 Nb6 32. Qa6 Rbb8 33. Rb1 Qc5 34. Rb5 Qc7 35. Rgb1 Nd5 36. Rxb8 Rxb8 37. Rxb8+ Qxb8 38. Qxa3 Qxe5 39. Qa4 Nf4+ 40. Kf3 Nh3 41. Qa8+ Kh7 42. Qe4+ Qxe4+ 43. Kxe4 Nxf2+ 44. Kd4 Nd1 45. a4 Nb2 46. a5 Na4 47. Kc4 e5 48. Kb4 e4 49. Kxa4 e3 50. a6 e2 51. Nf3 g6 52. a7 1-0

[Event "SVK-ch U16 Girls"]
[Site "Dudince"]
[Date "2023.04.17"]
[Round "3"]
[White "Dudonova, Veronika"]
[Black "Pechociakova, Petra"]
[Result "1-0"]
[WhiteElo "1445"]
[BlackElo "1169"]
[PlyCount "45"]
[EventDate "2023.04.16"]
[EventType "swiss"]
[EventRounds "9"]
[EventCountry "SVK"]
[SourceTitle "CBM 213 Extra"]
[Source "ChessBase"]
[SourceDate "2023.05.31"]
[SourceVersion "1"]
[SourceVersionDate "2023.05.31"]
[SourceQuality "1"]

1. e4 e5 2. Bc4 Nf6 3. d3 h6 4. Nc3 Nc6 5. f4 Bc5 6. Nf3 exf4 7. Bxf4 d6 8. a3 Ng4 9. d4 Bb6 10. h3 Nf6 11. e5 Nh5 12. Bh2 Nxd4 13. Nxd4 Qh4+ 14. g3 Qxd4 15. Qxd4 Bxd4 16. g4 dxe5 17. gxh5 Bxh3 18. Bxe5 Bxe5 19. Rxh3 0-0 20. 0-0-0 Bf4+ 21. Kb1 c6 22. Rf1 Bd6 23. Rhf3 1-0

[Event "SVK-chT3B2 2223"]
[Site "Slovakia"]
[Date "2022.11.06"]
[Round "2.8"]
[White "Dudonova, Veronika"]
[Black "Oswald, Jan"]
[Result "1/2-1/2"]
[WhiteElo "1404"]
[BlackElo "1561"]
[PlyCount "97"]
[EventDate "2022.10.23"]
[EventType "team-tourn"]
[EventRounds "11"]
[EventCountry "SVK"]
[SourceTitle "EXT 2024"]
[Source "ChessBase"]
[SourceDate "2023.10.10"]
[SourceVersion "1"]
[SourceVersionDate "2023.10.10"]
[SourceQuality "1"]
[WhiteTeam "Povazske Podhradie II"]
[BlackTeam "Handlova"]
[WhiteTeamCountry "SVK"]
[BlackTeamCountry "SVK"]

1. e4 c5 2. Nf3 Nc6 3. d4 cxd4 4. Nxd4 e6 5. Bc4 a6 6. Be3 Nf6 7. Nxc6 bxc6 8. Nd2 d5 9. e5 Nd7 10. Bb3 Nxe5 11. Bd4 Ng6 12. c4 e5 13. Ba4 Bd7 14. Qe2 Bd6 15. c5 0-0 16. cxd6 exd4 17. 0-0 Re8 18. Qd3 c5 19. Bxd7 Qxd7 20. Qg3 c4 21. Rfe1 Red8 22. h3 f6 23. Nf3 d3 24. Rad1 Rab8 25. Rd2 Rb6 26. Nd4 Rxd6 27. b3 Ne5 28. f4 Nf7 29. Qg4 Nh6 30. Qxd7 R8xd7 31. g4 g6 32. g5 Nf5 33. Nxf5 gxf5 34. gxf6 Rxf6 35. Re8+ Kf7 36. Rc8 Rg6+ 37. Kf2 Rdd6 38. bxc4 dxc4 39. Rxc4 Rc6 40. Rxc6 Rxc6 41. Ke3 Rc2 42. Kxd3 Rxd2+ 43. Kxd2 Ke6 44. Ke3 Kd5 45. Kd3 h6 46. a3 a5 47. a4 Kc5 48. Kc3 Kd5 49. Kd3 1/2-1/2

[Event "SVK-ch U14 Girls rapid"]
[Site "Nitra"]
[Date "2021.09.11"]
[Round "6"]
[White "Dudonova, Veronika"]
[Black "Hudakova, Nina"]
[Result "0-1"]
[WhiteElo "1197"]
[BlackElo "1092"]
[PlyCount "64"]
[EventDate "2021.09.11"]
[EventType "swiss (rapid)"]
[EventRounds "7"]
[EventCountry "SVK"]
[SourceTitle "EXT 2023"]
[Source "ChessBase"]
[SourceDate "2022.10.05"]
[SourceVersion "1"]
[SourceVersionDate "2022.10.05"]
[SourceQuality "1"]

1. e4 e5 2. Nf3 Nc6 3. Bc4 Nf6 4. Nc3 Nxe4 5. Nxe4 d5 6. Bxd5 Qxd5 7. Nc3 Qd8 8. d3 Bc5 9. Qe2 0-0 10. 0-0 Re8 11. Ng5 h6 12. Nge4 Bb6 13. Qh5 Re6 14. Be3 Nd4 15. Rac1 Rg6 16. Kh1 Bg4 17. Qxe5 Nf3 18. Qd5 Qh4 19. Bf4 Bh5 20. h3 c6 21. Qf5 Nd4 22. Qe5 Re6 23. Bg3 Rxe5 24. Bxh4 Rae8 25. Bg3 R5e6 26. f3 f5 27. Nf2 g5 28. f4 gxf4 29. Bxf4 Kg7 30. g3 Ne2 31. Nxe2 Bxe2 32. Rg1 Bxf2 0-1

[Event "SVK-ch U14 Girls"]
[Site "Stara Lubovna"]
[Date "2021.06.30"]
[Round "6"]
[White "Kapolkova, Greta"]
[Black "Dudonova, Veronika"]
[Result "1-0"]
[WhiteElo "1472"]
[BlackElo "1251"]
[PlyCount "49"]
[EventDate "2021.06.26"]
[EventType "swiss"]
[EventRounds "9"]
[EventCountry "SVK"]
[SourceTitle "CBM 203 Extra"]
[Source "ChessBase"]
[SourceDate "2021.09.30"]
[SourceVersion "1"]
[SourceVersionDate "2021.09.30"]
[SourceQuality "1"]

1. e4 e6 2. d4 d5 3. Nc3 Bb4 4. e5 c5 5. a3 Bxc3+ 6. bxc3 Nc6 7. Qg4 g6 8. Nf3 Qa5 9. Bd2 Nh6 10. Qf4 Nf5 11. g4 Nfe7 12. Qf6 Rg8 13. Ng5 Nd8 14. Nxh7 Qa4 15. Qg5 Rg7 16. Nf6+ Kf8 17. Qh4 Qxc2 18. Rc1 Qb2 19. Qh8+ Ng8 20. Bh6 Ke7 21. Nxg8+ Rxg8 22. Qxg8 cxd4 23. Bg5+ Kd7 24. Qxd8+ Kc6 25. Qd6# 1-0

[Event "SVK League Cup 1st"]
[Site "Tornelo INT"]
[Date "2021.04.04"]
[Round "4"]
[White "Dudonova, Veronika"]
[Black "Sustek, Mikulas"]
[Result "0-1"]
[WhiteElo "1251"]
[BlackElo "1507"]
[PlyCount "48"]
[EventDate "2021.03.27"]
[EventType "swiss"]
[EventRounds "8"]
[EventCountry "SVK"]
[SourceTitle "EXT 2022"]
[Source "ChessBase"]
[SourceDate "2021.10.06"]
[SourceVersion "1"]
[SourceVersionDate "2021.10.06"]
[SourceQuality "1"]

1. e4 c6 2. d4 d5 3. e5 c5 4. Nf3 Bf5 5. dxc5 e6 6. Be3 Nc6 7. Bd3 Nge7 8. 0-0 Bxd3 9. Qxd3 Nf5 10. Nbd2 Qc7 11. Nb3 Be7 12. Rac1 0-0 13. c4 Nxe5 14. Nxe5 Qxe5 15. cxd5 Nxe3 16. Qxe3 Qxd5 17. Rfd1 Qc6 18. Nd4 Qc7 19. Nxe6 fxe6 20. Qxe6+ Rf7 21. Rd7 Qf4 22. Rf1 Bxc5 23. Rxb7 Rd8 24. g3 Bxf2+ 0-1

[Event "SVK League Cup 1st"]
[Site "Tornelo INT"]
[Date "2021.04.03"]
[Round "3"]
[White "Harvan, Tomas"]
[Black "Dudonova, Veronika"]
[Result "1-0"]
[WhiteElo "1782"]
[BlackElo "1251"]
[PlyCount "103"]
[EventDate "2021.03.27"]
[EventType "swiss"]
[EventRounds "8"]
[EventCountry "SVK"]
[SourceTitle "EXT 2022"]
[Source "ChessBase"]
[SourceDate "2021.10.06"]
[SourceVersion "1"]
[SourceVersionDate "2021.10.06"]
[SourceQuality "1"]

1. e4 e6 2. d4 d5 3. Nd2 c5 4. dxc5 Bxc5 5. Bd3 Nc6 6. Ngf3 Nf6 7. Qe2 0-0 8. 0-0 Nd4 9. Nxd4 Bxd4 10. c3 Be5 11. exd5 Qxd5 12. Nf3 Bc7 13. Rd1 Qh5 14. h3 e5 15. Ng5 Qxe2 16. Bxe2 h6 17. Nf3 e4 18. Nd4 Re8 19. Bc4 a6 20. a4 Bd7 21. Be3 Rab8 22. a5 Rbc8 23. Be2 Nd5 24. Nb3 Bc6 25. Nd4 Nxe3 26. fxe3 Bd5 27. c4 Be6 28. Nxe6 Rxe6 29. Bg4 Ree8 30. Bxc8 Rxc8 31. Rd7 Be5 32. Rf1 f6 33. b3 Bc3 34. Rxb7 Bxa5 35. b4 Bd8 36. Rd1 a5 37. b5 f5 38. c5 Bg5 39. c6 Bxe3+ 40. Kf1 Bf4 41. Rdd7 a4 42. c7 Bxc7 43. Rbxc7 Re8 44. Rxg7+ Kh8 45. Rh7+ Kg8 46. Rxh6 e3 47. Ra6 e2+ 48. Ke1 a3 49. Rxa3 f4 50. b6 f3 51. gxf3 Kh8 52. b7 1-0

[Event "SVK League Cup 1st"]
[Site "Tornelo INT"]
[Date "2021.03.28"]
[Round "2"]
[White "Smetana, Peter"]
[Black "Dudonova, Veronika"]
[Result "0-1"]
[WhiteElo "1629"]
[BlackElo "1251"]
[PlyCount "142"]
[EventDate "2021.03.27"]
[EventType "swiss"]
[EventRounds "8"]
[EventCountry "SVK"]
[SourceTitle "EXT 2022"]
[Source "ChessBase"]
[SourceDate "2021.10.06"]
[SourceVersion "1"]
[SourceVersionDate "2021.10.06"]
[SourceQuality "1"]

1. e4 e6 2. d4 d5 3. Nd2 c5 4. dxc5 Bxc5 5. Bd3 Nc6 6. c3 Nf6 7. Ngf3 dxe4 8. Nxe4 Nxe4 9. Bxe4 Qxd1+ 10. Kxd1 Bxf2 11. Kc2 0-0 12. Rf1 Bb6 13. Bd2 e5 14. h3 Be6 15. Ng5 h6 16. Nxe6 fxe6 17. Rf3 Rxf3 18. Bxf3 Rc8 19. Re1 Nd4+ 20. Kb1 Nxf3 21. gxf3 Rd8 22. Kc2 Rf8 23. Rxe5 Rxf3 24. Rxe6 Rxh3 25. Re7 Rh2 26. Kd3 Rh3+ 27. Kc2 Rh2 28. c4 Ba5 29. Rxb7 Rxd2+ 30. Kb3 Bb6 31. Kc3 Rf2 32. b4 Rf3+ 33. Kb2 Bd4+ 34. Kc2 Rc3+ 35. Kd2 h5 36. c5 h4 37. Rd7 Bf6 38. Rd5 g6 39. Rd6 Kg7 40. Rd7+ Kh6 41. Rf7 Bg7 42. Rf1 Rc4 43. a3 h3 44. Rh1 Rh4 45. Kd3 h2 46. c6 Be5 47. Ke2 Rg4 48. Kf2 Rc4 49. b5 Rc2+ 50. Kf3 Rc3+ 51. Ke4 Bc7 52. Kd5 Rxa3 53. Ke6 Rd3 54. Ke7 g5 55. Ke6 g4 56. Rf1 Rf3 57. Rd1 g3 58. Kd7 Rf7+ 59. Ke6 Rg7 60. Ra1 g2 61. Rxa7 g1Q 62. Rxc7 Rxc7 63. Kd6 Qg3+ 64. Kc5 Qc3+ 65. Kd6 Rg7 66. b6 Qd4+ 67. Ke6 Qe4+ 68. Kd6 Rg6+ 69. Kd7 Qxc6+ 70. Ke7 Rg7+ 71. Kd8 Qa8# 0-1

[Event "SVK League Cup 1st"]
[Site "Tornelo INT"]
[Date "2021.03.27"]
[Round "1"]
[White "Dudonova, Veronika"]
[Black "Greno, Pavol"]
[Result "0-1"]
[WhiteElo "1251"]
[BlackElo "1842"]
[PlyCount "100"]
[EventDate "2021.03.27"]
[EventType "swiss"]
[EventRounds "8"]
[EventCountry "SVK"]
[SourceTitle "EXT 2022"]
[Source "ChessBase"]
[SourceDate "2021.10.06"]
[SourceVersion "1"]
[SourceVersionDate "2021.10.06"]
[SourceQuality "1"]

1. e4 c5 2. Nc3 Nc6 3. Nf3 g6 4. d4 cxd4 5. Nxd4 Bg7 6. Nxc6 bxc6 7. Bd2 Nf6 8. Bd3 0-0 9. Qc1 Rb8 10. Bh6 Bxh6 11. Qxh6 Rxb2 12. e5 Ng4 13. Qg5 d6 14. exd6 Qxd6 15. h3 Nxf2 16. Kxf2 Qd4+ 17. Qe3 Qxc3 18. Rhb1 Qf6+ 19. Qf3 Qh4+ 20. Qg3 Qxg3+ 21. Kxg3 Rb6 22. Rxb6 axb6 23. Re1 Be6 24. a3 Ra8 25. Rb1 b5 26. Ra1 Bd5 27. c3 f5 28. Bc2 e5 29. a4 Ra5 30. Kf2 Kf7 31. Ke3 Bxg2 32. h4 f4+ 33. Kf2 Bd5 34. Bd1 h5 35. Ra3 Kf6 36. Bc2 e4 37. Ke2 Kf5 38. Kf2 Kg4 39. Ke2 Kxh4 40. Kf2 g5 41. Ke2 g4 42. Kf2 e3+ 43. Kf1 f3 44. Bd3 Rxa4 45. Rxa4 bxa4 46. c4 a3 47. cxd5 a2 48. Kg1 Kg3 49. Be2 a1R+ 50. Bf1 f2+ 0-1

[Event "SVK-chT3B2 1920"]
[Site "Slovakia"]
[Date "2020.02.09"]
[Round "8.8"]
[White "Rachelova, Nikola"]
[Black "Dudonova, Veronika"]
[Result "1/2-1/2"]
[WhiteElo "1000"]
[BlackElo "1254"]
[PlyCount "73"]
[EventDate "2019.10.06"]
[EventType "team-tourn"]
[EventRounds "11"]
[EventCountry "SVK"]
[SourceTitle "CBM 195 Extra"]
[Source "ChessBase"]
[SourceDate "2020.05.31"]
[SourceVersion "1"]
[SourceVersionDate "2020.05.31"]
[SourceQuality "1"]
[WhiteTeam "Nemsova Horne Srnie II"]
[BlackTeam "Povazske Podhradie"]
[WhiteTeamCountry "SVK"]
[BlackTeamCountry "SVK"]

1. e4 d5 2. Nc3 dxe4 3. Nxe4 Bf5 4. Nc3 Nc6 5. d3 e5 6. Bd2 Nf6 7. Nf3 e4 8. dxe4 Nxe4 9. Qe2 Qe7 10. 0-0-0 Nxd2 11. Qxe7+ Bxe7 12. Nxd2 0-0-0 13. Bb5 Rd6 14. Nde4 Rxd1+ 15. Rxd1 Ne5 16. Rd5 Bf6 17. Nxf6 gxf6 18. f4 c6 19. Rd1 cxb5 20. fxe5 Rg8 21. Nxb5 Kb8 22. exf6 Rc8 23. Nd6 Rxc2+ 24. Kb1 Rxg2+ 25. Nxf5 Rf2 26. Nd6 Rxh2 27. Nxf7 Rf2 28. Rd6 h5 29. Nh8 h4 30. f7 Kc7 31. Re6 Kd7 32. Re8 Rxf7 33. Re3 Rh7 34. Rd3+ Ke6 35. Re3+ Kd5 36. Ng6 Kd4 37. Rh3 1/2-1/2